000 00389nam a22001217a 4500
999 _c17682
_d17682
008 221205b ||||| |||| 00| 0 eng d
100 _aLlemit, Ralph Lawrence G.
_946942
245 _aPhilippine eagles in Singapore, still adjusting to environment /
260 _aPhilippines;
_bSunStar,
_cMarch 2, 2020.
300 _apage 5.
650 _aWildlife Conservation.
_946943
942 _2ddc
_cPER